[Event "Match"]
[Site "www.echecsemail.com"]
[Date "2015.11.11"]
[Round "1"]
[White "Lyko"]
[Black "Billyg"]
[WhiteElo "1499"]
[BlackElo "1610"]
[Result "1-0"]
[Round "1"]
1.d4 d6
2.e4 Ng8f6
3.Nb1c3 d5
4.e5 Nf6e4
5.Nc3xe4 dxe4
6.Qd1e2 Qd8xd4
7.Bc1f4 e6
8.c3 Qd4b6
9.Bf4e3 Qb6a5
10.Qe2b5 Qa5xb5
11.Bf1xb5 c6
12.Bb5a4 b5
13.Ba4c2 f5
14.f3 exf3
15.Ng1xf3 h6
16.O-O-O g5
17.Rd1d2 c5
18.Rh1d1 Nb8c6
19.h3 Bf8e7
20.a4 a6
21.b4 cxb4
22.cxb4 Nc6xb4
23.axb5 axb5
24.Bc2b1 Bc8b7
25.Rd2d7 Bb7xf3
26.gxf3 Ra8c8
27.Kb2 Nb4c6
28.Bb1a2 Nc6xe5
29.Rd7b7 Kf7
30.Be3d4 Kf6
31.Bd4xe5 Kxe5
32.Rb7xe7 Rh8e8
33.Re7xe8 Rc8c6
34.Ba2xe6 Rc6xe6
35.Rd1e1 { resign }
1-0

[Event "Match"]
[Site "www.echecsemail.com"]
[Date "2015.11.11"]
[Round "1"]
[White "Andregor"]
[Black "Mitja"]
[WhiteElo "2409"]
[BlackElo "1990"]
[Result "1-0"]
[Round "1"]
1.e4 d5
2.exd5 Qd8xd5
3.Nb1c3 Qd5d8
4.d4 e6
5.Bf1d3 c6
6.Ng1f3 h6
7.O-O Ng8f6
8.Rf1e1 Nb8d7
9.Bc1f4 Nd7b6
10.Nc3e4 Nf6xe4
11.Re1xe4 Nb6d5
12.Nf3e5 Bf8d6
13.Qd1g4 g6
14.Bf4d2 Nd5f6
15.Qg4f3 Nf6xe4
16.Qf3xf7 { resign }
1-0

[Event "Match"]
[Site "www.echecsemail.com"]
[Date "2015.11.11"]
[Round "1"]
[White "Orae"]
[Black "Azulmarino"]
[WhiteElo "1940"]
[BlackElo "1660"]
[Result "0-1"]
[Round "1"]
1.e4 e5
2.Bf1c4 Bf8c5
3.Qd1f3 Ng8f6
4.d3 Nb8c6
5.c3 h6
6.b4 Bc5b6
7.a4 d6
8.h3 Qd8e7
9.a5 Bb6c5
10.bxc5 dxc5
11.Bc4b5 Bc8d7
12.Ng1e2 O-O
13.Qf3g3 Nf6h5
14.Qg3e3 a6
15.Bb5xc6 Bd7xc6
16.g4 Nh5f6
17.c4 Ra8d8
18.Rh1g1 g5
19.Bc1a3 b6
20.Nb1d2 Bc6a4
21.h4 Nf6h7
22.hxg5 hxg5
23.Rg1h1 f6
24.Qe3h3 Rf8f7
25.Ne2g3 Rd8xd3
26.Ba3xc5 Qe7xc5
27.Ra1xa4 Rf7d7
28.Nd2f1 Rd3f3
29.Rh1h2 Qc5d4
30.Nf1e3 Qd4d2
31.Kf1 Qd2d3
32.Kg1 Kf8
33.Qh3h6 Kg8
34.Qh6g6 Kf8
35.Rh2xh7 Rd7xh7
36.Qg6xh7 Qd3d2
37.Ng3h1 Rf3f4
38.Qh7h6 Ke8
39.Qh6g6 Kd8
40.Ra4a1 Qd2b4
41.Ra1d1 Kc8
42.Qg6e8 Kb7
43.Qe8d8 Qb4c5
44.Rd1d5 Qc5c6
45.axb6 Qc6xb6
46.Rd5d7 a5
47.Ne3d5 Rf4xg4
48.Nh1g3 Qb6b1
49.Kg2 Qb1xe4
50.f3 Qe4e2
51.Kh3 Rg4h4
{ resign }
0-1

[Event "Match"]
[Site "www.echecsemail.com"]
[Date "2015.11.11"]
[Round "1"]
[White "Carlosto"]
[Black "Rocio"]
[WhiteElo "1450"]
[BlackElo "1959"]
[Result "0-1"]
[Round "1"]
1.d4 d5
2.e3 Nb8c6
3.Bf1b5 Bc8d7
4.Ng1e2 e6
5.Ne2g3 Ng8f6
6.O-O Bf8d6
7.Nb1c3 O-O
8.e4 dxe4
9.Nc3xe4 Bd6e7
10.c3 a6
11.Bb5a4 b5
12.Ba4c2 b4
13.Qd1d3 g6
14.Ne4c5 a5
15.Bc1g5 bxc3
16.Bg5xf6 Be7xf6
17.Ng3h5 Bf6xd4
18.Nh5f4 Bd4xc5
19.g3 cxb2
20.Ra1b1 Nc6e5
21.Qd3e4 Qd8f6
22.h4 Bd7c6
23.Qe4e2 Ne5f3
24.Kg2 Nf3d4
{ resign }
0-1

[Event "Match"]
[Site "www.echecsemail.com"]
[Date "2015.11.11"]
[Round "1"]
[White "Karlgrocer"]
[Black "Orae"]
[WhiteElo "1960"]
[BlackElo "1940"]
[Result "1-0"]
[Round "1"]
1.Ng1f3 Nb8c6
2.Nb1c3 e5
3.d3 Bf8b4
4.Bc1d2 Ng8f6
5.e3 O-O
6.Bf1e2 Rf8e8
7.O-O e4
8.dxe4 Qd8e7
9.a3 Bb4c5
10.Nc3a4 Nf6xe4
11.Na4xc5 Qe7xc5
12.Be2d3 Ne4f6
13.Bd2c3 Nf6d5
14.Bc3d4 Qc5d6
15.c3 Nc6e7
16.Nf3g5 g6
17.Qd1f3 Re8f8
18.c4 Nd5b6
19.Ra1d1 Nb6a4
20.Ng5xh7 Rf8e8
21.Nh7f6 Kf8
22.Nf6xe8 Kxe8
23.b4 a5
24.c5 Qd6e6
25.Bd3c2 axb4
26.axb4 Qe6a2
27.Bc2xa4 Ra8xa4
28.b5 Ra4b4
29.b6 cxb6
30.cxb6 d5
31.Rd1a1 Qa2b3
32.Bd4c5 Rb4c4
33.Bc5xe7 Kxe7
34.Qf3xd5 Qb3c3
35.h3 Rc4c5
36.Qd5d1 Bc8xh3
37.gxh3 Rc5g5
38.Kh1 Qc3c6
39.f3 Qc6xb6
40.Qd1e2 Rg5e5
41.Ra1a3 Qb6d6
42.Ra3d3 Qd6a6
43.Rf1d1 Qa6e6
44.Kh2 Re5h5
45.Qe2g2 f5
46.f4 b5
47.Qg2b7 { resign }
1-0

[Event "Match"]
[Site "www.echecsemail.com"]
[Date "2015.11.11"]
[Round "1"]
[White "Goosebumps"]
[Black "Jhw"]
[WhiteElo "2130"]
[BlackElo "1900"]
[Result "1-0"]
[Round "1"]
1.e4 c5
2.Ng1f3 e6
3.d4 a6
4.c3 cxd4
5.cxd4 d5
6.e5 f6
7.Bf1d3 Bf8b4
8.Nb1c3 Nb8c6
9.O-O Bc8d7
10.Qd1c2 f5
11.Bc1g5 Ng8e7
12.Ra1d1 h6
13.Bg5d2 Qd8b6
14.a3 Bb4xc3
15.bxc3 O-O-O
16.Rd1b1 Qb6a7
17.Rb1b2 Kc7
18.Rf1b1 Rd8b8
19.a4 Nc6a5
20.c4 Ne7c6
21.cxd5 b6
22.dxc6 Bd7xc6
23.Bd2e3 Kd7
24.d5 Rh8c8
25.dxc6 Rc8xc6
26.Qc2d2 Ke8
27.Nf3d4 Rc6c5
28.Nd4xe6 Rc5xe5
29.Be3xb6 Qa7e7
30.Bb6xa5 Rb8xb2
31.Rb1xb2 Qe7xe6
32.Rb2b8 Ke7
33.Ba5b4 Kf7
34.Qd2c2 Re5d5
35.Bd3c4 Rd5d1
36.Qc2xd1 Qe6xc4
37.Qd1d7 Kg6
38.Rb8b6 Kh5
39.Qd7xf5 g5
40.Qf5h3 Qc4h4
41.g4 { resign }
1-0

[Event "1/128 Finale"]
[Site "www.chess-mail.com"]
[Date "2015.11.11"]
[Round "1"]
[White "Fkarpov"]
[Black "Carazo"]
[WhiteElo "2080"]
[BlackElo "1920"]
[Result "1-0"]
[Round "1"]
1.e4 e5
2.Ng1f3 Nb8c6
3.Bf1b5 Nc6d4
4.Nf3xd4 exd4
5.O-O Bf8d6
6.Qd1e2 Bd6e5
7.f4 Be5d6
8.e5 Bd6c5
9.Qe2c4 Qd8e7
10.b4 Bc5xb4
11.Qc4xc7 Bb4c5
12.d3 Bc5b6
13.Qc7c4 a6
14.Bb5a4 Ng8h6
15.Bc1a3 Qe7d8
16.Ba4b3 Bb6a5
17.f5 b5
18.Qc4d5 Ra8a7
19.Qd5xd4 Ba5b6
20.Ba3c5 Bb6xc5
21.Qd4xc5 Ra7c7
22.Qc5d5 O-O
23.Nb1d2 Nh6g4
24.Nd2f3 Ng4e3
25.Qd5d4 Ne3xf5
26.Qd4f4 d6
27.exd6 Nf5xd6
28.Nf3g5 Rc7c5
29.Ng5e4 Rc5f5
30.Qf4e3 Rf5e5
31.Ra1e1 Bc8b7
32.Rf1f4 Nd6f5
33.Qe3f3 Qd8a5
34.Re1f1 b4
35.Rf4xf5 Qa5b6
36.Kh1 Re5e7
37.Bb3d5 g6
38.Qf3g4 Bb7c8
39.Bd5xf7 Re7xf7
40.Rf5xf7 Bc8xg4
41.Rf7xf8 Kg7
42.Rf1f7 Kh6
43.Rf8h8 { resign }
1-0

[Event "1/32 Finale"]
[Site "www.chess-mail.com"]
[Date "2015.11.11"]
[Round "1"]
[White "Maredocla"]
[Black "Guidom"]
[WhiteElo "2030"]
[BlackElo "2110"]
[Result "0-1"]
[Round "1"]
1.f4 d5
2.Ng1f3 Nb8c6
3.b3 Bc8g4
4.e3 e5
5.fxe5 Nc6xe5
6.Bf1e2 Ne5xf3
7.Be2xf3 Bg4e6
8.Bc1b2 Ng8f6
9.O-O Bf8e7
10.d3 O-O
11.Nb1c3 c5
12.e4 d4
13.Nc3e2 Qd8c7
14.c3 dxc3
15.Bb2xc3 Ra8d8
16.Qd1c2 b5
17.a3 Rd8c8
18.Rf1c1 Qc7b6
19.Rc1d1 b4
20.Bc3b2 a5
21.a4 c4
22.d4 c3
23.Bb2c1 Rf8d8
24.Kh1 Nf6g4
25.Ne2f4 Be6xb3
26.Qc2e2 Bb3xd1
27.Qe2f1 Bd1xf3
28.Qf1xf3 Qb6xd4
29.Nf4d5 Ng4f2
30.Kg1 Nf2h3
31.Kf1 Qd4c4
32.Ke1 Be7c5
33.gxh3 Rc8c6
34.Bc1f4 Rc6e6
35.Ra1d1 Rd8xd5
36.e5 Rd5xd1
37.Kxd1 Qc4b3
38.Ke2 Qb3c2
39.Kf1 Qc2f5
40.Kg2 Re6g6
41.Kf1 Rg6g1
42.Ke2 Qf5c2
{ resign }
0-1

[Event "Eq:Angolana Scacchi-Clubul Central de Sah : "]
[Site "www.chess-mail.com"]
[Date "2015.11.11"]
[Round "1"]
[White "Rocadamica"]
[Black "Pariolinius"]
[WhiteElo "2690"]
[BlackElo "1930"]
[Result "1-0"]
[Round "1"]
1.e4 d6
2.d4 g6
3.Ng1f3 Bf8g7
4.Nb1c3 Ng8f6
5.Bf1e2 O-O
6.O-O c6
7.h3 Nb8a6
8.Be2xa6 bxa6
9.Rf1e1 a5
10.e5 Nf6d5
11.Nc3e4 Bc8a6
12.b3 Ra8b8
13.Bc1d2 dxe5
14.Nf3xe5 Qd8c7
15.Ne4c5 Bg7xe5
16.Nc5xa6 Be5h2
17.Kh1 Qc7d6
18.Na6xb8 Rf8xb8
19.g3 Bh2xg3
20.fxg3 Qd6xg3
21.Qd1g4 Qg3f2
22.Re1e2 Qf2f6
23.c4 Nd5b4
24.Bd2g5 Qf6g7
25.Re2xe7 a6
26.Ra1f1 { resign }
1-0

[Event "Fast Game"]
[Site "www.echecsemail.com"]
[Date "2015.11.11"]
[Round "1"]
[White "Bojan"]
[Black "Maredocla"]
[WhiteElo "1740"]
[BlackElo "1779"]
[Result "0-1"]
[Round "1"]
1.e4 c5
2.Bf1c4 Nb8c6
3.a3 e6
4.Ng1f3 h6
5.d4 cxd4
6.Nf3xd4 Ng8f6
7.Nb1c3 Bf8c5
8.Nd4b3 Bc5b6
9.Qd1f3 d6
10.O-O Qd8e7
11.Nc3a4 Bb6c7
12.Rf1d1 a6
13.Bc1e3 b5
14.Bc4d3 bxa4
15.Nb3d4 Bc8b7
16.Nd4xc6 Bb7xc6
17.Qf3e2 O-O
18.Bd3xa6 Bc6xe4
19.Rd1d2 d5
20.b4 Qe7d6
21.f3 Qd6xh2
22.Kf1 Qh2h1
23.Be3g1 Bc7b6
24.Ke1 Qh1xg1
25.Qe2f1 Qg1xf1
26.Ba6xf1 Be4g6
27.c4 dxc4
28.Bf1xc4 e5
29.Bc4b5 Bb6d4
30.Ra1b1 Bd4c3
31.Ke2 Bc3xd2
32.Kxd2 Bg6xb1
{ resign }
0-1

[Event "Tourn. n8450"]
[Site "www.chess-mail.com"]
[Date "2015.11.12"]
[Round "1"]
[White "Cathar"]
[Black "Yangqi"]
[WhiteElo "2270"]
[BlackElo "2550"]
[Result "0-1"]
[Round "1"]
1.Ng1f3 g6
2.e4 Bf8g7
3.d4 d6
4.Nb1c3 a6
5.a4 b6
6.h3 Bc8b7
7.Bf1d3 e6
8.Bc1e3 Ng8e7
9.Qd1d2 h6
10.O-O Nb8d7
11.Rf1e1 g5
12.Nc3e2 Ne7g6
13.Ne2g3 O-O
14.Ng3h5 Bg7h8
15.Nf3h2 Nd7f6
16.Nh5xf6 Bh8xf6
17.Nh2f1 c5
18.c3 Ra8c8
19.Nf1g3 Bf6h8
20.Ng3h5 Ng6h4
21.f3 f5
22.Be3f2 c4
23.Bd3c2 f4
24.Bf2xh4 gxh4
25.e5 dxe5
26.Bc2e4 Bb7xe4
27.Re1xe4 Qd8g5
{ resign }
0-1

[Event "Tourn. n8452"]
[Site "www.chess-mail.com"]
[Date "2015.11.12"]
[Round "1"]
[White "Cathar"]
[Black "Maredocla"]
[WhiteElo "2280"]
[BlackElo "2010"]
[Result "1-0"]
[Round "1"]
1.e4 c5
2.Ng1f3 Nb8c6
3.Bf1b5 Qd8b6
4.Nb1c3 a6
5.Bb5xc6 Qb6xc6
6.d4 cxd4
7.Nf3xd4 Qc6g6
8.O-O e5
9.Nd4f5 d6
10.Nc3d5 Kd8
11.Bc1e3 Bc8xf5
12.exf5 Qg6xf5
13.Qd1d2 Ra8c8
14.c4 Ng8f6
15.Nd5b6 Rc8c6
16.c5 Nf6e4
17.Qd2a5 Ne4xc5
18.Ra1c1 Kc7
19.b4 Nc5d3
20.Nb6d5 Kd7
21.Rc1xc6 bxc6
22.Qa5c7 Ke6
23.Qc7c8 { resign }
1-0

[Event "Tourn. n8429"]
[Site "www.chess-mail.com"]
[Date "2015.11.12"]
[Round "1"]
[White "Libiesse"]
[Black "Luban"]
[WhiteElo "2070"]
[BlackElo "2140"]
[Result "0-1"]
[Round "1"]
1.d4 d5
2.c4 e6
3.Ng1f3 Ng8f6
4.Bc1g5 Bf8e7
5.Nb1c3 a6
6.e3 dxc4
7.Bf1xc4 b5
8.Bc4d3 Bc8b7
9.O-O Nb8d7
10.Ra1c1 c5
11.Qd1c2 Ra8c8
12.a3 h6
13.Bg5h4 Bb7xf3
14.gxf3 cxd4
15.exd4 Nd7b6
16.Rf1e1 O-O
17.Qc2d2 Kh8
18.Rc1c2 Qd8xd4
19.Bh4xf6 Be7xf6
20.Re1e4 Qd4d7
21.Kg2 Bf6xc3
22.Rc2xc3 Rc8xc3
23.bxc3 Rf8d8
24.Re4d4 Qd7e7
25.Qd2e3 Nb6d5
26.Qe3d2 Qe7xa3
27.Rd4h4 Qa3f8
28.Bd3e4 Nd5f6
29.Qd2e3 Nf6xe4
30.fxe4 f5
31.e5 Rd8d5
32.Rh4d4 Rd5xd4
33.Qe3xd4 Kg8
34.Qd4b6 Qf8c8
35.f3 Kf7
36.Qb6d4 Qc8c6
37.Kg3 g5
38.f4 g4
39.Qd4a7 Kg6
40.Qa7e7 Qc6f3
{ resign }
0-1

[Event "Tourn. n8415"]
[Site "www.chess-mail.com"]
[Date "2015.11.12"]
[Round "1"]
[White "Falcoale"]
[Black "Emerchess"]
[WhiteElo "1910"]
[BlackElo "1859"]
[Result "1-0"]
[Round "1"]
1.e4 c6
2.Ng1f3 d5
3.exd5 cxd5
4.d4 Bc8g4
5.h3 Bg4d7
6.Bf1d3 Nb8c6
7.c3 h6
8.O-O Ng8f6
9.Bc1f4 e6
10.Nf3e5 Bf8e7
11.Ne5xd7 Qd8xd7
12.Bf4h2 O-O
13.f4 Be7d6
14.Nb1d2 Qd7c7
15.b3 Ra8c8
16.Ra1c1 a6
17.Bd3b1 Qc7b8
18.Qd1c2 Nc6xd4
19.Qc2d3 Nd4b5
20.Bh2g3 Nb5a3
21.c4 Na3xb1
22.Rc1xb1 Rf8d8
23.Qd3e2 Bd6b4
24.Nd2f3 Bb4d6
25.Nf3e5 Nf6e4
26.Bg3h2 Ne4c3
27.Qe2h5 Nc3xb1
28.Qh5xf7 Kh7
29.Qf7g6 Kg8
30.Ne5f7 Rd8f8
31.Nf7xh6 Kh8
32.Nh6f7 { resign }
1-0

[Event "Tourn. n8414"]
[Site "www.chess-mail.com"]
[Date "2015.11.12"]
[Round "1"]
[White "Fabos12"]
[Black "Gatrooper"]
[WhiteElo "1670"]
[BlackElo "1650"]
[Result "0-1"]
[Round "1"]
1.e4 e5
2.Ng1f3 Nb8c6
3.Bf1b5 a6
4.Bb5xc6 dxc6
5.Nf3xe5 Bf8d6
6.Ne5f3 Bc8g4
7.d4 Bg4xf3
8.Qd1xf3 h6
9.e5 Bd6b4
10.c3 Bb4e7
11.Nb1d2 Qd8d7
12.Nd2b3 O-O-O
13.Bc1e3 Be7g5
14.Nb3c5 Qd7e8
15.Be3xg5 hxg5
16.Qf3f5 Kb8
17.Qf5xg5 Ng8e7
18.O-O Ne7d5
19.Qg5xg7 Rh8g8
20.Qg7h6 Rg8h8
21.Qh6d2 Qe8g8
22.Rf1e1 Qg8g6
23.e6 Rd8g8
24.g3 fxe6
25.Re1xe6 Qg6h7
26.h4 Qh7xh4
27.Kg2 Qh4h2
28.Kf3 Rg8f8
29.Ke4 Qh2g2
30.Kd3 Rf8f3
31.Kc4 b5
32.Kb3 Rf3xf2
33.Qd2c1 a5
34.Re6xc6 a4
 { time }
0-1

[Event "Tourn. n8362"]
[Site "www.chess-mail.com"]
[Date "2015.11.12"]
[Round "1"]
[White "Yvan"]
[Black "Emerchess"]
[WhiteElo "999"]
[BlackElo "1960"]
[Result "1-0"]
[Round "1"]
1.e4 d5
2.exd5 Qd8xd5
3.Nb1c3 Qd5a5
4.d4 c6
5.Ng1f3 Bc8g4
6.Bf1e2 Ng8f6
7.O-O Nb8d7
8.Bc1f4 h6
9.h3 Bg4f5
10.Rf1e1 e6
11.Be2c4 Bf8e7
12.a3 O-O
13.Qd1d2 Nf6d5
14.Nc3xd5 Qa5xd2
15.Nd5xe7 Kh8
16.Nf3xd2 Bf5h7
17.Re1e3 Rf8e8
18.Bf4d6 Ra8d8
19.Nd2f3 Nd7f6
20.Nf3e5 Bh7g8
21.Bd6c5 Nf6d7
22.Ne7xg8 Kxg8
23.Ne5xd7 Rd8xd7
24.d5 { resign }
1-0

[Event "Tourn. n8347"]
[Site "www.chess-mail.com"]
[Date "2015.11.12"]
[Round "1"]
[White "Falcoale"]
[Black "Mitja"]
[WhiteElo "1910"]
[BlackElo "1800"]
[Result "1-0"]
[Round "1"]
1.e4 d5
2.exd5 Qd8xd5
3.Nb1c3 Qd5d8
4.d4 e6
5.Ng1f3 c6
6.Bf1c4 h6
7.O-O Ng8f6
8.Bc1e3 Nb8d7
9.Rf1e1 Nd7b6
10.Bc4b3 Bf8d6
11.Nc3e2 Bd6c7
12.Ne2g3 Nf6d5
13.c4 Nd5xe3
14.Re1xe3 Bc7xg3
15.hxg3 Qd8f6
16.Nf3e5 O-O
17.Ra1b1 Nb6d7
18.Qd1e2 Rf8e8
19.d5 Nd7xe5
20.Re3xe5 Bc8d7
21.Rb1e1 Kf8
22.dxc6 bxc6
23.Bb3c2 Ra8d8
24.Qe2d3 g6
25.Re5e3 Qf6xb2
26.Re3e2 Qb2xa2
27.Bc2b3 Qa2a5
28.Qd3d4 Kg8
29.Qd4h4 Kg7
30.Qh4d4 Kg8
31.Qd4h4 Kg7
32.Qh4e4 Qa5b6
33.Re1b1 Qb6c7
34.Qe4h4 a5
35.Bb3a2 Rd8b8
36.Rb1e1 a4
37.Qh4d4 Kg8
38.Qd4h4 Kg7
39.g4 Qc7a5
40.g5 Qa5xg5
41.Qh4d4 Qg5f6
42.Qd4xd7 e5
43.Re2e3 Re8e7
44.Qd7d1 Rb8b2
45.Re3f3 Qf6e6
46.Rf3a3 Re7d7
47.Qd1f3 Rd7d2
48.Ba2b1 Qe6xc4
49.Bb1e4 Rd2xf2
50.Qf3c3 Qc4b5
51.Be4xc6 Qb5b6
52.Kh1 Qb6b8
53.Qc3xe5 Qb8xe5
54.Re1xe5 Rb2b3
55.Ra3xa4 Rb3b1
56.Kh2 Rf2f1
57.Ra4a7 Rf1h1
58.Kg3 Rb1b3
59.Kf2 Rb3c3
60.Bc6f3 Kf6
61.Re5e7 Kg5
62.Re7xf7 Rh1c1
63.Kg3 h5
64.Ra7a5 Rc3c5
65.Ra5xc5 Rc1xc5
66.Rf7d7 Rc5e5
67.Rd7d5 Re5xd5
68.Bf3xd5 Kf5
69.Bd5f7 Kg5
70.Kh3 Kf6
71.Bf7c4 Kg5
72.Bc4d3 Kh6
73.Bd3a6 Kg5
74.Ba6d3 Kh6
75.Kh4 g5
76.Kg3 Kg7
77.Kf3 Kf6
78.Ke4 Kg6
79.Ke5 Kh6
80.Kf6 h4
81.Bd3e2 { resign }
1-0

[Event "Tourn. n8362"]
[Site "www.chess-mail.com"]
[Date "2015.11.12"]
[Round "1"]
[White "Yvan"]
[Black "Farnation"]
[WhiteElo "999"]
[BlackElo "1220"]
[Result "1-0"]
[Round "1"]
1.e4 e5
2.f4 exf4
3.Ng1f3 g5
4.h4 gxh4
5.Nb1c3 b5
6.Bf1xb5 c6
7.Bb5c4 Ng8f6
8.Rh1xh4 d5
9.exd5 cxd5
10.Qd1e2 Bf8e7
11.Bc4b5 Bc8d7
12.Bb5xd7 Nb8xd7
13.d4 O-O
14.Bc1xf4 Qd8b6
15.O-O-O Ra8b8
16.Bf4xb8 Qb6xb8
17.Qe2xe7 Rf8e8
18.Qe7a3 h5
19.Qa3a5 Re8c8
20.Nc3xd5 Nf6xd5
21.Qa5xd5 Nd7f6
22.Qd5g5 Kf8
23.Qg5xf6 Qb8b7
24.Rh4xh5 Qb7c7
25.Rh5h8 
1-0

[Event "Tourn. n8400"]
[Site "www.chess-mail.com"]
[Date "2015.11.12"]
[Round "1"]
[White "Azulmarino"]
[Black "Neo"]
[WhiteElo "1710"]
[BlackElo "1820"]
[Result "0-1"]
[Round "1"]
1.e4 e5
2.Ng1f3 d6
3.Bf1c4 Ng8h6
4.d3 g6
5.Nb1c3 b6
6.Bc4d5 c6
7.Bd5c4 Bf8g7
8.Nf3g5 O-O
9.a3 Nb8d7
10.Bc1e3 Nd7f6
11.Bc4xf7 Nh6xf7
12.h4 Nf6g4
13.Be3d2 Nf7xg5
14.Bd2xg5 Qd8e8
15.Qd1e2 Ng4xf2
16.Rh1f1 Nf2g4
17.Rf1xf8 Qe8xf8
18.Kd2 Bg7h6
19.Ra1f1 Qf8g7
20.Rf1f3 Bh6xg5
21.Kd1 Bg5xh4
22.g3 Bh4e7
23.Ke1 Bc8e6
24.Nc3d1 Qg7h6
25.Nd1f2 Ng4xf2
26.Rf3xf2 Ra8f8
27.Rf2h2 Qh6c1
28.Qe2d1 Qc1xb2
29.Qd1d2 Qb2xa3
30.Qd2h6 Qa3c3
31.Ke2 Be6g4
32.Ke3 Rf8f3
33.Ke2 Qc3xc2
34.Ke1 Qc2b1
35.Kd2 Rf3xd3

0-1

[Event "Tourn. n8459"]
[Site "www.chess-mail.com"]
[Date "2015.11.12"]
[Round "1"]
[White "Goosebumps"]
[Black "Estonia"]
[WhiteElo "2130"]
[BlackElo "2090"]
[Result "1-0"]
[Round "1"]
1.d4 Ng8f6
2.c4 e6
3.g3 d5
4.cxd5 Nf6xd5
5.Bf1g2 Bf8b4
6.Bc1d2 O-O
7.a3 Bb4xd2
8.Qd1xd2 c6
9.Ng1f3 Nb8d7
10.e4 Nd5b6
11.O-O Nd7f6
12.Nb1c3 h6
13.Nf3e5 Nb6d7
14.Ne5f3 Qd8a5
15.Ra1c1 b5
16.Nc3e2 Qa5xd2
17.Nf3xd2 Bc8b7
18.f4 Ra8c8
19.b4 Nd7b6
20.Nd2b3 Nb6c4
21.Nb3c5 Rc8c7
22.Rc1c3 Nf6d7
23.Rf1d1 Nd7xc5
24.bxc5 a5
25.a4 Nc4b2
26.Rd1a1 Nb2xa4
27.Rc3b3 f5
28.e5 Rf8d8
29.h4 g5
30.hxg5 hxg5
31.fxg5 Rc7g7
32.Kf2 Rg7xg5
33.Ra1xa4 bxa4
34.Rb3xb7 a3
35.Rb7b3 Rg5g7
36.Rb3xa3 Rg7a7
37.Bg2xc6 Rd8b8
38.Ne2f4 Rb8b2
39.Ke3 Kf7
40.Bc6a4 Ra7c7
41.Ba4b3 Rc7b7
42.Bb3xe6 Ke7
43.Ra3xa5 Rb7b8
44.c6 Rb2c2
45.Ra5a7 Ke8
46.c7 Rb8b2
47.c8Q { resign }
1-0

[Event "Tourn. n8463"]
[Site "www.chess-mail.com"]
[Date "2015.11.12"]
[Round "1"]
[White "Cardiff"]
[Black "Masteratches"]
[WhiteElo "1840"]
[BlackElo "1949"]
[Result "0-1"]
[Round "1"]
1.d4 d5
2.Ng1f3 Ng8f6
3.e3 e6
4.Bf1d3 c5
5.b3 Nb8c6
6.Bc1b2 Bf8d6
7.O-O O-O
8.a3 cxd4
9.exd4 b6
10.Nb1d2 Qd8c7
11.h3 Bc8b7
12.b4 Ra8c8
13.Rf1e1 a5
14.b5 Nc6e7
15.Nf3e5 Nf6e4
16.Ra1c1 f6
17.Ne5f3 Qc7d7
18.Qd1e2 f5
19.c4 Ne7g6
20.g3 Rc8e8
21.Kg2 Ne4xd2
22.Qe2xd2 dxc4
23.Bd3xc4 Bd6f4
24.gxf4 Ng6h4
25.Kf1 Nh4xf3
26.Qd2d3 Nf3xe1
27.Rc1xe1 Bb7e4
28.Qd3g3 Re8c8
29.Re1c1 Rc8xc4
30.Rc1xc4 Qd7xb5
{ resign }
0-1

[Event "Match"]
[Site "www.echecsemail.com"]
[Date "2015.11.12"]
[Round "1"]
[White "Billyg"]
[Black "Masteratches"]
[WhiteElo "1690"]
[BlackElo "1889"]
[Result "0-1"]
[Round "1"]
1.e4 c5
2.Ng1e2 Ng8f6
3.Nb1c3 d6
4.d4 cxd4
5.Ne2xd4 a6
6.Bf1c4 e6
7.O-O Qd8c7
8.f4 Qc7xc4
9.e5 dxe5
10.fxe5 Bf8c5
11.Rf1f4 Nf6d5
12.Qd1d2 Nd5xf4
13.Qd2xf4 Qc4xd4
14.Qf4xd4 Bc5xd4
15.Kh1 Bd4xe5
16.Nc3a4 Nb8d7
17.g3 b5
18.Na4c3 Bc8b7
19.Kg1 Ra8c8
20.a4 b4
21.Nc3a2 Be5d4
22.Kf1 Rc8xc2
23.Na2xb4 Rc2xh2
24.Nb4d3 O-O
25.Nd3e1 Rh2f2
26.Kg1 Rf2f5
27.Kh2 Rf5h5

0-1

[Event "Match"]
[Site "www.echecsemail.com"]
[Date "2015.11.12"]
[Round "1"]
[White "Tau"]
[Black "Wilddog"]
[WhiteElo "1499"]
[BlackElo "1509"]
[Result "0-1"]
[Round "1"]
1.d4 d5
2.Nb1c3 e6
3.e4 Ng8f6
4.Bf1d3 Bf8b4
5.Bc1d2 Nb8c6
6.Ng1f3 O-O
7.O-O b6
8.e5 Nf6d7
9.Bd3b5 Bc8b7
10.Qd1e2 a6
11.Bb5d3 a5
12.Nc3a4 Bb7a6
13.Bd3xa6 Bb4e7
14.Ba6b7 Nc6a7
15.Bb7xa8 Qd8xa8
16.c4 Qa8b7
17.Ra1c1 b5
18.cxb5 Na7xb5
19.Na4c5 Qb7c6
20.Nc5xd7 Qc6xd7
21.Bd2xa5 Rf8c8
22.b3 f6
23.g3 c5
24.dxc5 Nb5a3
 { time }
0-1

[Event "Match"]
[Site "www.echecsemail.com"]
[Date "2015.11.12"]
[Round "1"]
[White "Darknight"]
[Black "Whitekknight"]
[WhiteElo "1690"]
[BlackElo "1900"]
[Result "0-1"]
[Round "1"]
1.e4 e5
2.Bf1c4 Ng8f6
3.d3 Bf8e7
4.h3 O-O
5.Bc1g5 h6
6.h4 Nf6h7
7.Nb1d2 Nh7xg5
8.hxg5 Be7xg5
9.Nd2f3 Bg5f6
10.g4 d6
11.g5 Bf6xg5
12.Qd1e2 Bc8g4
13.Qe2f1 Nb8c6
14.c3 Qd8f6
15.Qf1g2 Bg4xf3
16.Ng1xf3 Qf6g6
17.Nf3xg5 Qg6xg5
18.Qg2f3 Ra8e8
19.Ke2 Kh7
20.Ra1g1 Qg5f4
21.Qf3g2 Qf4f6
22.Rh1h5 Nc6e7
23.Rh5h3 Ne7g6
24.Rh3f3 Ng6f4
25.Rf3xf4 exf4
26.f3 g5
27.d4 c6
28.Bc4d3 Kg7
29.b3 b5
30.Kd2 c5
31.Bd3xb5 Re8c8
32.d5 Qf6e5
33.Bb5d7 Rc8c7
34.Bd7f5 Qe5f6
35.Rg1h1 Rf8h8
36.Kc2 a5
37.c4 Rc7b7
38.a4 Rh8b8
39.Rh1b1 Qf6d4
40.Qg2e2 h5
41.Rb1d1 Qd4e3
42.Qe2xe3 fxe3
43.Rd1b1 h4
44.e5 dxe5
45.Kc3 Kf6
46.Bf5c2 h3
47.Kd3 h2
48.Ke2 Rb8h8
49.Rb1h1 Rh8h4
50.Kxe3 Rb7b8
51.Kf2 Rb8g8
52.Kg3 Rg8h8
53.Bc2e4 Rh4h3
54.Kg2 Rh8h4
55.d6 Rh4h8
56.d7 Ke7
57.Be4c6 f5
58.Bc6b5 Kd8
59.b4 axb4
60.a5 f4
61.a6 Kc7
62.a7 Kb7
63.d8Q Rh3g3
64.Kf2 Rh8xd8
65.Ke2 Rd8h8
66.Kf2 b3
67.Bb5a4 b2
68.Ba4c2 Kxa7
69.Bc2e4 Kb6
70.Be4c2 Ka5
71.Bc2d3 Kb4
72.Bd3c2 Kxc4
73.Bc2e4 Rg3h3
74.Ke2 Kc3
75.Be4f5 Rh3h6
76.Bf5d3 Rh8a8
77.Bd3b1 Ra8a1
78.Kf2 Ra1xb1
79.Kg2 Rb1xh1
80.Kxh1 b1Q
81.Kg2 Qb1g1

0-1

[Event "Match"]
[Site "www.echecsemail.com"]
[Date "2015.11.12"]
[Round "1"]
[White "Dimos40"]
[Black "Goosebumps"]
[WhiteElo "2089"]
[BlackElo "2060"]
[Result "1/2-1/2"]
[Round "1"]
1.e4 e5
2.Ng1f3 Nb8c6
3.d4 exd4
4.Nf3xd4 Bf8c5
5.Nd4xc6 Qd8f6
6.Qd1f3 bxc6
7.Bf1c4 Qf6xf3
8.gxf3 d6
9.Rh1g1 g6
10.Nb1c3 Bc8e6
{ draw }
1/2-1/2

[Event "Match"]
[Site "www.echecsemail.com"]
[Date "2015.11.12"]
[Round "1"]
[White "Farnation"]
[Black "Dulap"]
[WhiteElo "1220"]
[BlackElo "999"]
[Result "0-1"]
[Round "1"]
1.e4 e5
2.Bf1c4 Ng8f6
3.d3 Nb8c6
4.Ng1f3 Bf8e7
5.Nf3g5 O-O
6.O-O d6
7.f4 exf4
8.Rf1xf4 h6
9.e5 Nc6xe5
10.h4 hxg5
11.Rf4xf6 Be7xf6
12.Bc4d5 gxh4
13.Bd5e4 Ne5g6
14.Qd1h5 Bf6d4
15.Kh2 h3
16.c3 Qd8h4
17.Qh5xh4 Ng6xh4
18.cxd4 hxg2
19.Bc1g5 Nh4g6
20.Be4xg2 Ra8b8
21.Nb1c3 c6
22.Nc3e4 d5
23.Ne4d6 Bc8e6
24.b4 Rf8d8
25.Bg5xd8 Rb8xd8
26.Nd6xb7 Rd8b8
27.Nb7c5 Rb8xb4
28.a3 Rb4xd4
29.Ra1b1 Ng6f4
30.Bg2f3 Nf4xd3
31.Bf3e2 Nd3xc5
32.Be2d1 Rd4h4
33.Kg3 Rh4h1
34.Bd1c2 Rh1xb1
35.Bc2xb1 d4
36.a4 Nc5xa4
37.Bb1h7 Kxh7
38.Kf2 d3
39.Ke3 Be6f5
40.Kf4 g6
41.Kf3 Na4c3
42.Kf4 d2
43.Ke5 d1Q
44.Kf6 Qd1d4
45.Kxf7 Qd4g7
46.Ke8 Nc3d5
47.Kd8 Qg7d7
{ resign }
0-1

[Event "Match"]
[Site "www.echecsemail.com"]
[Date "2015.11.12"]
[Round "1"]
[White "Docemachess"]
[Black "Olddog55"]
[WhiteElo "1299"]
[BlackElo "1650"]
[Result "0-1"]
[Round "1"]
1.d4 d5
2.c4 Ng8f6
3.Nb1c3 e6
4.Bc1g5 Bf8e7
5.cxd5 exd5
6.e3 O-O
7.Ng1f3 Nf6e4
8.Bg5xe7 Qd8xe7
9.Nc3xd5 Qe7d6
10.Nd5c3 Bc8f5
11.Nc3xe4 Bf5xe4
12.Bf1e2 Qd6b4
 { time }
0-1

[Event "Match"]
[Site "www.echecsemail.com"]
[Date "2015.11.12"]
[Round "1"]
[White "Pariolinius"]
[Black "Dulap"]
[WhiteElo "1870"]
[BlackElo "999"]
[Result "0-1"]
[Round "1"]
1.e4 c5
2.Ng1f3 Nb8c6
3.Nb1c3 d6
4.Bf1b5 Bc8d7
5.O-O g6
6.d4 cxd4
7.Nf3xd4 Nc6xd4
8.Bb5xd7 Qd8xd7
9.Qd1xd4 Ng8f6
10.Rf1e1 Bf8g7
11.Qd4a4 O-O
12.Qa4xd7 Nf6xd7
13.Bc1g5 Bg7xc3
14.bxc3 f6
15.Bg5h6 Rf8c8
16.Bh6d2 Nd7e5
17.Ra1b1 Ne5c4
18.Bd2h6 b6
19.Rb1b4 Nc4a3
20.Rb4b3 Na3c4
21.Re1d1 g5
22.g3 Kf7
23.h4 Kg6
24.hxg5 fxg5
25.Bh6xg5 Kxg5
26.f3 Nc4e3
27.Rd1d2 Rc8c4
28.Kf2 Ne3g4
29.fxg4 Kxg4
30.Rd2d4 Ra8c8
31.e5 Rc4xd4
32.cxd4 Rc8xc2
33.Ke1 Rc2xa2
34.Rb3d3 d5
35.Kd1 Kf5
36.Rd3e3 Ra2a4
37.Re3d3 Ke4
38.Kd2 Ra4xd4
{ resign }
0-1

[Event "Match"]
[Site "www.echecsemail.com"]
[Date "2015.11.12"]
[Round "1"]
[White "Rocio"]
[Black "Daviko"]
[WhiteElo "1969"]
[BlackElo "1590"]
[Result "1-0"]
[Round "1"]
1.e4 e5
2.Ng1f3 d6
3.d4 f5
4.dxe5 fxe4
5.Nf3g5 Qd8e7
6.Bf1c4 Ng8h6
7.Nb1c3 e3
8.Bc1xe3 Qe7xe5
9.Qd1e2 Bc8g4
10.f3 Bg4f5
11.O-O-O Nb8a6
12.f4 Qe5a5
13.Be3b6 Bf8e7
14.Bb6xa5 Bf5g4
15.Ng5f3 b6
16.Nc3d5 Nh6f5
17.Ba5c3 O-O-O
18.Bc4xa6 Kb8
19.Nd5xe7 Rd8e8
20.Ne7c6 Ka8
21.Qe2d3 Nf5e3
22.Rd1e1 Bg4f5
23.Qd3d2 Re8e6
24.Re1xe3 { resign }
1-0

[Event "Match"]
[Site "www.echecsemail.com"]
[Date "2015.11.12"]
[Round "1"]
[White "Fanny33"]
[Black "Nimzo"]
[WhiteElo "2750"]
[BlackElo "2820"]
[Result "1/2-1/2"]
[Round "1"]
1.b3 e5
2.Bc1b2 Nb8c6
3.c4 g6
4.e3 Bf8g7
5.Ng1f3 d6
6.Bf1e2 Ng8f6
7.d4 O-O
8.O-O a5
9.Nb1c3 Bc8f5
10.Rf1e1 exd4
11.Nf3xd4 Nc6xd4
12.exd4 Nf6e4
13.Be2f3 Ne4xc3
14.Bb2xc3 c6
15.Ra1c1 d5
16.cxd5 { draw }
1/2-1/2